00434nam a22001217a 4500008004100000050002400041100001600065245013000081260003900211300002700250500002000277700001500297170128b xxu||||| |||| 00| 0 eng d aND588 .K5K493 1962 aKlee, Felix aPaul Klee, his life and work in documents, selected from posthumous writings and unpublished letters./cFelix Klee; Paul Klee aNew York :b G. Braziller,c 1962. ax, p. :biil. ;c25cm. aincludes index. aKlee, Paul